Využitie Stateflow pri riadení pracoviska výrobnej bunky

Gespeichert in:
Bibliographische Detailangaben
1. Verfasser: Belica, Andrej (Verfasst von)
Weitere Verfasser: Juhás, Martin (Betreuung Doktorarbeit)
Format: Manuskript Buch
Sprache:Slowakisch
Veröffentlicht: 2020
Schlagworte:
Online-Zugang:http://is.stuba.sk/zp/portal_zp.pl?podrobnosti=153135
Tags: Tag hinzufügen
Keine Tags, Fügen Sie das erste Tag hinzu!

MARC

LEADER 00000ntm a22000003a 4500
001 stuzp71931
003 SK-STU
005 20200718210228.3
007 ta
008 150427s2015----xo-----f-mn---000-0-slo-d
040 |a STU  |b slo 
041 0 |a slo 
100 1 |a Belica, Andrej  |u 066000  |4 aut  |U MTF Materiálovotechnologická fakulta  |T MTF Ústav aplikovanej informatiky, automatizácie a mechatroniky  |X 88358  |U M6000  |Y 86  |7 88358 
242 0 1 |a Control of a production cell workplace using Stateflow  |y eng 
245 1 0 |a Využitie Stateflow pri riadení pracoviska výrobnej bunky 
260 |c 2020 
650 4 |a model  |2 slo 
650 4 |a Stateflow  |2 slo 
650 4 |a dopravník  |2 slo 
650 4 |a model  |2 eng 
650 4 |a Stateflow  |2 eng 
650 4 |a conveyor  |2 eng 
700 1 |a Juhás, Martin  |u 066000  |k Z1  |4 ths  |U MTF Materiálovotechnologická fakulta  |T MTF Ústav aplikovanej informatiky, automatizácie a mechatroniky  |X 2855  |U M6000  |Y 86  |7 A000002855 
856 4 |u http://is.stuba.sk/zp/portal_zp.pl?podrobnosti=153135